<?xml version="1.0" encoding="UTF-8"?>
<collection xmlns:xsi="http://www.w3.org/2001/XMLSchema-instance" xsi:schemaLocation="http://www.loc.gov/MARC21/slim http://www.loc.gov/standards/marcxml/schema/MARC21slim.xsd" xmlns="http://www.loc.gov/MARC21/slim">
 <record>
  <leader>00000cam a22000004a 4500</leader>
  <controlfield tag="001">UP-99796217609955317</controlfield>
  <controlfield tag="003">Buklod</controlfield>
  <controlfield tag="005">20110729141842.0</controlfield>
  <controlfield tag="006">a     r    |||| u|</controlfield>
  <controlfield tag="007">ta</controlfield>
  <controlfield tag="008">110729s2007    xx     d     r    |||| u|</controlfield>
  <datafield tag="035" ind1=" " ind2=" ">
   <subfield code="a">(iLib)UPD-00177205249</subfield>
  </datafield>
  <datafield tag="040" ind1=" " ind2=" ">
   <subfield code="a">DCHK</subfield>
  </datafield>
  <datafield tag="041" ind1="0" ind2=" ">
   <subfield code="a">eng</subfield>
  </datafield>
  <datafield tag="042" ind1=" " ind2=" ">
   <subfield code="a">DMLUC</subfield>
  </datafield>
  <datafield tag="090" ind1=" " ind2=" ">
   <subfield code="a">GV 1114.9</subfield>
   <subfield code="b">I58 2007</subfield>
  </datafield>
  <datafield tag="111" ind1="2" ind2=" ">
   <subfield code="a">International Symposium for Taekwondo Studies</subfield>
   <subfield code="n">(1st</subfield>
   <subfield code="d">2007</subfield>
   <subfield code="c">Beijing)</subfield>
  </datafield>
  <datafield tag="245" ind1="1" ind2="4">
   <subfield code="a">The pursue of world peace through fair play</subfield>
   <subfield code="c">editors</subfield>
   <subfield code="b">Jong-Kook Song, Seung-Hee Yoo.</subfield>
  </datafield>
  <datafield tag="264" ind1=" " ind2="1">
   <subfield code="a">[S.l.</subfield>
   <subfield code="b">s.n.]</subfield>
   <subfield code="c">2007.</subfield>
  </datafield>
  <datafield tag="300" ind1=" " ind2=" ">
   <subfield code="a">ix, 13-237 p.</subfield>
   <subfield code="b">ill.</subfield>
  </datafield>
  <datafield tag="505" ind1="0" ind2=" ">
   <subfield code="a">Realization of global peace through fair play / Franjo Prot; General and time-loss injuries in taekwondo / Willy Pieter; Differences in pre-competition habits between national team and other competitive taekwondo athletes / Mohsen Kazemi, Heather Shearer; Effects of short-term weight loss on physical fitness, isokinetic leg strength, and blood variables in male high school taekwondo players; Comparison of physique, body composition and anaerobic capacity between male and female taekwondo athletes / Chang Yun, ... [et al.]; Modeling velocity and force of selected taekwondo techniques / Willy Pieter; Effects of exercises with elastic band on isokinetic strength of adolescent mael taekwondo athletes / M.T. Woo ... [et a.]; Isokinetic strength characteristics in Malaysian recreational taekwondo athletes / Noor Aiwa and Willy Pieter; The dynamics of spectator engagement in taekwondo competition / Rene Leveaux; Participation in and value of taekwondo : a way to world peace through fair play / Kevin Alan Stefanek; Effect of marketing mix factors on service satisfaction of taekwondo trainees / Jeoung-Hak Lee; The foreground and prospect of taekwondo in 2008 Beijing Olympic games / Maojun Sun; The effect of taekwondo identification of taekwondo loyalty in Korea and China / Won Sik Seo, Do-Kyun Kim; The effect of taekwondo training on mental health / Byung-Kwyan Chun; Body composition, physical fitness and bone mineral density ini male adolescent taekwondo athletes / Jong-Kook Song, Hyo-Jung Kang, Hyun-Bae Kim; Reaction and movement times in American junior taekwondo athletes / Willy Pieter, Luigi T. Bercades; Injuries in the taekwondo athletes / Fabio Carlos Lucas de Oliveira; Rapid weight loss practices among elite taekwondo players / Frans van Dijk, Ina Garthe, Alex Wisnes; competition injuries in young Canadian taekwondo athletes / Willy Pieter, Mohsen Kazemi; Effects of &quot;living high-training low&quot; on hemogram and 2, 3-DPG in Chinese national female taekwondo athletes / Eun-Ae Kim, Gao Qi, Tian Ye; Effects of resistance and balance exercise training on postural stability in taekwondo athletes / Jeong-Weon Kim, Seung-Hee Yoo; Effect of &quot;living high-exercisinghigh-training low&quot; on erythrocyte membrane stability and aerobic exercise capacity in Chinese taekwondo athletes / Gao Qi, Zhu Rong; Effects of &quot;living high-training low&quot; on anaerobic capacity in Chineswe national female taekwondo athletes / Liu Dong-Sen, Gao Qi, Tian Ye; Difference of somatotype and body composition in female taekwondo athletes / Mengli; Injuries of the taekwondo athletes in the official championships of the Greek Taekwondo Federation / Konstantine Beis, George Abatzides.</subfield>
  </datafield>
  <datafield tag="650" ind1="1" ind2="0">
   <subfield code="a">Tae kwon do</subfield>
   <subfield code="v">Congresses.</subfield>
  </datafield>
  <datafield tag="905" ind1=" " ind2=" ">
   <subfield code="a">FO</subfield>
  </datafield>
  <datafield tag="950" ind1=" " ind2=" ">
   <subfield code="a">Meeting document</subfield>
  </datafield>
  <datafield tag="852" ind1="0" ind2=" ">
   <subfield code="a">UPD</subfield>
   <subfield code="b">DCHK</subfield>
   <subfield code="h">GV 1114.9</subfield>
   <subfield code="i">I58 2007</subfield>
  </datafield>
  <datafield tag="942" ind1=" " ind2=" ">
   <subfield code="a">Book</subfield>
  </datafield>
 </record>
</collection>
